00506nam a22001577a 450000500170000001000150001702000260003203500140005803700130007208200100008510000240009524500770011926000410019627000900023730000210032720180626170535.0 aENG-123230 a9788182093218c300.00 aEN-106762 bDBAD/PUB a113.8 a Subramoniam, K. R. aRomancing de life: cby K. R. Subramoniamblive smart- live a royal life aChennaibVijay Nicole Imprintsc2012 aNo. 4, First Floor, Velachery-Madipakkam Main Road, Ram Nagar South,bChennaie600029 a322p.c21cm(pbk)